| 000 | 00930cam a2200277 i 4500 | ||
|---|---|---|---|
| 999 |
_c200446711 _d64923 |
||
| 001 | 200446711 | ||
| 003 | TR-AnTOB | ||
| 005 | 20240509174024.0 | ||
| 007 | ta | ||
| 008 | 220121s1970 tur 000 0 tur d | ||
| 040 |
_aTR-AnTOB _beng _erda _cTR-AnTOB |
||
| 041 | 0 | _atur | |
| 050 | 1 | 4 |
_aHT395.T92 _bE34 1970 |
| 090 |
_aHT395.T92 _bE34 1970 |
||
| 245 | 0 | 0 |
_aEge Bölgesi : _bbölgesel gelişme, şehirleşme ve yerleşme düzeni. |
| 264 | 1 |
_aAnkara : _bİmar ve İskân Bakanlığı, Planlama ve İmar Genel Müdürlüğü, Bölge Planlama Dairesi, _c1970. |
|
| 300 |
_a202 pages : _btables ; _c24 cm |
||
| 336 |
_atext _btxt _2rdacontent |
||
| 337 |
_aunmediated _bn _2rdamedia |
||
| 338 |
_avolume _bnc _2rdacarrier |
||
| 650 | 0 |
_aBölgesel planlama _zTürkiye _941625 |
|
| 650 | 7 |
_aKentleşme _zTürkiye _zEge Denizi Bölgesi _2etuturkob _9123344 |
|
| 942 |
_2lcc _cBK |
||